| 000 | 01294cam a2200325 a 4500 | ||
|---|---|---|---|
| 001 | 14205325 | ||
| 005 | 20170105102918.0 | ||
| 008 | 051220s2006 nyube b 001 0 eng | ||
| 010 | _a 2005057632 | ||
| 020 | _a1595230211 | ||
| 020 | _a9781595230218 | ||
| 035 | _a(OCoLC)ocm62766140 | ||
| 040 |
_aDLC _cDLC _dBAKER _dC#P _dDLC |
||
| 043 | _an-us--- | ||
| 050 | 0 | 0 |
_aE181 _b.S38 2006 |
| 082 | 0 | 0 |
_a355/.033573 _222 |
| 100 | 1 | _aSchweikart, Larry. | |
| 245 | 1 | 0 |
_aAmerica's victories : _bwhy the U.S. wins wars and will win the war on terror / _cLarry Schweikart. |
| 260 |
_aNew York : _bSentinel, _c2006. |
||
| 300 |
_axxv, 324 p. : _bmaps, plans ; _c24 cm. |
||
| 504 | _aIncludes bibliographical references (p. [271]-308) and index. | ||
| 650 | 0 | _aNational characteristics, American. | |
| 651 | 0 |
_aUnited States _xHistory, Military. |
|
| 651 | 0 |
_aUnited States _xCivilization. |
|
| 856 | 4 | 2 |
_3Contributor biographical information _uhttp://www.loc.gov/catdir/enhancements/fy0721/2005057632-b.html |
| 856 | 4 | 2 |
_3Publisher description _uhttp://www.loc.gov/catdir/enhancements/fy0721/2005057632-d.html |
| 906 |
_a7 _bcbc _corignew _d1 _eocip _f20 _gy-gencatlg |
||
| 942 |
_2ddc _cBK |
||
| 999 |
_c15469 _d15469 |
||